03023nam a22004338i 4500001001900000003000700019005001700026006001900043007001500062008004100077010001700118020003700135020002700172024003200199035002200231040002600253041000800279050000900287072001800296072002500314072002500339082002000364100003000384245009000414300005200504490005400556490002700610504005100637505084000688520066501528546001202193650003202205651003902237651003202276776015402308830005502462830002802517856004402545BRILL9789004682214nllekb20260415154914.0m d cr un uuuua231123s2024 gw sb 001 0 eng d a 2023034017 a9789004682214q(electronic book) z9789004682207q(print)7 a110.1163/97890046822142DOI z(OCoLC)1399562548 aNL-LeKBcNL-LeKBerda aeng 4aHD82 7aHBLA12bicssc 7aHISx0020002bisacsh 7aHISx0390002bisacsh04a330.93692022231 aTimmerman, Erik,eauthor.14aThe Roman Impact on the Economy of the Lower Germanic Limes Region /cErik Timmerman. a1 online resource (332 pages) :billustrations.1 aClassical Studies E-Books Online, Collection 20241 aImpact of Empire ;v48 aIncludes bibliographical references and index.0 tFront Matter -- Preliminary Material /rErik Timmerman -- Copyright Page /rErik Timmerman -- Dedication /rErik Timmerman -- Acknowledgements /rErik Timmerman -- Figures and Tables /rErik Timmerman -- Chapter 1 Introduction /rErik Timmerman -- Chapter 2 Setting the Stage /rErik Timmerman -- Chapter 3 The Roman Impact /rErik Timmerman -- Chapter 4 Agricultural Production /rErik Timmerman -- Chapter 5 Non-agricultural Production /rErik Timmerman -- Chapter 6 Trade /rErik Timmerman -- Chapter 7 Living Standards /rErik Timmerman -- Chapter 8 Final Conclusions /rErik Timmerman -- Back Matter -- Appendix 1 /rErik Timmerman -- Appendix 2 /rErik Timmerman -- Appendix 3 /rErik Timmerman -- Sources and Bibliography /rErik Timmerman -- Index of Geographical Names /rErik Timmerman -- Index of Subjects /rErik Timmerman. aThe remarkable economic performance of the Roman Empire is now widely acknowledged. Yet there is still much debate about its interpretation. Although this debate is mainly conducted at the empire-wide level, regional syntheses are indispensable to its further advancement. This book contributes to that purpose by providing a comprehensive account of the Roman impact on the economy of the Lower Germanic Limes region. By drawing on a large number of scattered publications and (archaeological) datasets, the work demonstrates that Roman rule also led to important economic developments in a part of the empire that was remote from its Mediterranean heartland. aEnglish 0aEconomic developmentzRome. 0aNetherlandsxEconomic conditions.  0aRomexEconomic conditions. 08iPrint version:tThe Roman Impact on the Economy of the Lower Germanic Limes Region.dLeiden ; Boston : Brill, 2024.z9789004682207w(DLC) 2023034016 0aClassical Studies E-Books Online, Collection 2024. 0aImpact of Empire ;v48.4 uhttp://dx.doi.org/10.1163/9789004682214